Southville International School and Colleges
Your cart is empty.
  • Cart
  • Lists
    Public lists list_1 View all
    Your lists Log in to create your own lists
  • Log in to your account
  • Your cookies
  • Search history
Southville International School and Colleges
  • Advanced search
  • Recent comments
  • Most popular
  • Libraries

Log in to your account

Log in with GOOGLE


If you do not have an external account, but do have a local account, you can still log in:

  1. Home
  2. MARC view: Short-term psychotherapy groups for children :
Normal view MARC view ISBD view

Short-term psychotherapy groups for children : (Record no. 356347)

[ view plain ]
MARC details
000 -LEADER
fixed length control field 00435nam a2200145Ia 4500
003 - CONTROL NUMBER IDENTIFIER
control field SISC
005 - DATE AND TIME OF LATEST TRANSACTION
control field 20180412150244.0
008 - FIXED-LENGTH DATA ELEMENTS--GENERAL INFORMATION
fixed length control field 180323s9999 xx 000 0 und d
020 ## - INTERNATIONAL STANDARD BOOK NUMBER
International Standard Book Number 765701871
100 ## - MAIN ENTRY--PERSONAL NAME
Personal name Shaefer, Charles E.
245 ## - TITLE STATEMENT
Title Short-term psychotherapy groups for children :
Remainder of title adapting group processes for specific problems
260 ## - PUBLICATION, DISTRIBUTION, ETC. (IMPRINT)
Place of publication, distribution, etc London :
Name of publisher, distributor, etc 1999
Date of publication, distribution, etc Jason Aronson Inc.
300 ## - PHYSICAL DESCRIPTION
Extent vii, 483 pages
942 ## - ADDED ENTRY ELEMENTS (KOHA)
Source of classification or shelving scheme Library of Congress Classification
Koha item type Books
Holdings
Withdrawn status Lost status Damaged status Home library Current library Shelving location Date acquired Source of acquisition Total Checkouts Full call number Barcode Date last seen Price effective from Koha item type
      College Library College Library General Circulation Section 03/23/2018     RJ 505.G7 .S53 1999 C21449 03/23/2018 03/23/2018 Books

Short-term psychotherapy groups for children :

APA

Shaefer C. E., .Short-term psychotherapy groups for children. London: 1999.

Chicago

Shaefer Charles E, .Short-term psychotherapy groups for children. London: 1999.

Harvard

Shaefer C. E., .Short-term psychotherapy groups for children. London: 1999.

MLA

Shaefer Charles E, .London: 1999. .

  • Place hold
  • Print
  • Cite
  • Add to your cart (remove)
  • Save record
    BIBTEX Dublin Core MARCXML MARC (non-Unicode/MARC-8) MARC (Unicode/UTF-8) MARC (Unicode/UTF-8, Standard) MODS (XML) RIS
  • More searches
    Search for this title in:
    Other Libraries (WorldCat) Other Databases (Google Scholar) Online Stores (Bookfinder.com) Open Library (openlibrary.org)

Exporting to Dublin Core...

SOUTHVILLE LIBRARY

Southville International School and Colleges Library

1281 Tropical Ave. Cor. Luxembourg St., BF Homes International, Las Pinas City

Tel. No. 8256374 / 252358 Loc. 117/146

Powered by Koha